Statistics for UK cities by station name

Click here to take the quiz!

General Stats

  • This quiz has been taken 36 times
  • The average score is 7 of 10

Answer Stats

NameCity% Correct
King's CrossLondon
97%
Lime StreetLiverpool
89%
PiccadillyManchester
89%
Temple MeadsBristol
86%
New StreetBirmingham
83%
WaverleyEdinburgh
83%
Queen StreetGlasgow / Cardiff
83%
St DavidsExeter
46%
WestgateWakefield
31%
Bank QuayWarrington
23%

Score Distribution

Percentile by Number Answered

Percent of People with Each Score

Your Score History

You have not taken this quiz